000 00876nam a2200277 a 4500
001 000012519
003 DO-SdBNP
005 20240530073914.0
007 ta
008 091113s2005 dr r 001 0 spa d
020 _z9993432199
040 _aDO-SdBNP
_bspa
_cBNPHU
082 4 _aRD863.44
_bH557m, 2005
_222
100 1 _aHernández, Ángela,
_d1954-
_92564
245 1 0 _aMudanza de los sentidos /
_cÁngela Hernández.
250 _a3a ed.
260 _aSanto Domingo :
_babc editorial,
_c2005.
300 _a135 p. :
_bilustraciones y retratos ;
_c22 cm.
500 _aIncluye datos biográficos de la autora en la contracubierta.
586 _aPremio Cole de novela 2001
590 _aInventariado, 2020/BT
650 0 _aNovela dominicana
_9223
650 0 _aLiteratura dominicana.
_967
910 _aValidado. Control de calidad. MMOLINA
942 _2ddc
_cLBS1
999 _c12174
_d12174